| 000 | 00602nam a2200193 a 4500 | ||
|---|---|---|---|
| 005 | 20210223132910.0 | ||
| 008 | 160429s2006 mx r 000 0 spa d | ||
| 020 | _a9871296150 (10 dígitos) | ||
| 020 | _a9789871296156 (13 dígitos) | ||
| 035 | _aUPN01000209951 | ||
| 049 | _aI | ||
| 050 | 4 |
_aPZ70 S6 _bO8.2 |
|
| 100 | 1 |
_aOsojnik, Mojca, _d1970- _939020 |
|
| 245 | 1 | 3 |
_aLa casa que quería un Sol / _ctextos e il. Mojca Osojnik ; tr. Ana Burgert. |
| 260 |
_aBuenos Aires : _bUnaluna, _c2006. |
||
| 300 |
_a[32] p. : _bil. col. |
||
| 650 | 4 |
_aCUENTOS INFANTILES ESLOVENOS _924942 |
|
| 905 | _aInfantil | ||
| 999 |
_c182052 _d182052 |
||